| 000 | 00631nam a22001577a 4500 | ||
|---|---|---|---|
| 008 | 230621b |||||||| |||| 00| 0 eng d | ||
| 020 | _a0-86010-669-1 | ||
| 040 |
_aNational Science Library _cNational Science Library |
||
| 080 |
_a626.02(082.2) _bM5.4 |
||
| 245 |
_aAdvances in underwater technology and offshore engineering _c/ Proceedings of an international conference...................................4-5 June, 1985 |
||
| 260 |
_aLondon: _bGraham & Trotman Ltd, _c1985 |
||
| 300 | _a267p. | ||
| 500 | _aVol. 4 Evaluation, comparison and calibration of oceanographic instruments | ||
| 650 | _aProceedings | ||
| 942 |
_2udc _cPR |
||
| 999 |
_c45717 _d45717 |
||